000 00503nam a22001697a 4500
005 20251108171110.0
008 250721s9999 xx 000 0 ara d
082 1 4 _a219/حسن
100 1 _aالحفناوي، حسن
245 1 0 _aمحمد و العقل /
264 1 _aالقاهرة :
_bمطبوعات الشعب،
_c[19-].
300 _a127ص
490 0 _aثقافة و علوم إنسانية لكل الشعب
650 1 7 _aالسيرة النبوية
942 _2ddc
_cBK
999 _c56563
_d56563